000
00313 a2200133 4500
000
nam a22 7a 4500
100
_a
Smita
110
_a
Smita
245
_a
Bharat ki pragati shilnari
250
_a
Latest edition
260
_b
Nisha publication
_c
2024
264
_b
Nisha publication
_c
2024
942
_c
BK
999
_c
395919
_d
395919